000 01173nam a2200313 a 4500
001 000112055
003 CHAP
005 20220329144244.0
008 151201s2015 mx sm |||||||spa d
010 _a108516
011 _a109488
040 _cCHAP
090 _aTesis
100 1 _aOrtiz López, Cristian Omar
_9130142
245 1 0 _aAlternativas de manejo postcosecha y su influencia en la calidad de tres variedades de café (Coffea arabica L.)
_h[En línea]
_cpor Cristian Omar Ortiz López.
260 _aChapingo, Méx. :
_bEl autor,
_c2015.
500 _aPara ver el contenido del material haga clic en la liga
502 _aTesis (Ing. Agroecología) -- UACH. Departamento de Enseñanza Investigación y Servicio en Agroecología
590 _aE5765TAJ
_b05
_c20151201
_lUCH01
_h1022
590 _aE5765TAJ
_b05
_c20151201
_lUCH01
_h1023
650 1 4 _aCafé
_xCalidad.
_917114
650 1 4 _aCafé
_xEfecto de la humedad.
_917129
650 1 4 _aCafé
_xTecnología postcosecha.
_9130143
650 1 4 _aCafé
_xVariedades.
_917208
856 _aFinding aid
_uhttp://10.13.5.2/tesis/sist112055.pdf
_zTeclea aquí
901 _aBK
942 _cTESIS
942 _n0
999 _c108516
_d108516